• 首页
  • 本馆介绍
  • 公告通知
  • 最新文献
  • 馆藏检索
  • 电子资源
  • 读者导购
  • 参考咨询
  • 我的图书馆
  • 登录
  • 详细信息显示
  • 放入我的书架
  • 预约/预借图书
  • 作者相关作品
  • 分类相关作品
  • 丛书相关作品
  • 出版社相关作品

书目信息

  • 表格格式
  • 工作单格式
  • 卡片格式
题名:
油菜规模生产经营
    
 
作者: 贺才明 , 谷云松 主编
分册:  
出版信息: 北京   中国农业科学技术出版社  2017.6
页数: 243页
开本: 21cm
丛书名:
单 册:
中图分类: S634.3
科图分类:
主题词: 油菜--栽培技术--教材
电子资源:
ISBN: 978-7-5116-3065-0
000 01071nam0 2200253 450
001 0400002877
005 20171021152619.0
010    @a978-7-5116-3065-0@dCNY28.00
100    @a20170905e2017 em y0chiy50 ea
101 0  @achi
102    @aCN@b110000
105    @ay z 000yy
106    @ar
200 1  @a油菜规模生产经营@9you cai gui mo sheng chan jing ying@f贺才明,谷云松主编
210    @a北京@c中国农业科学技术出版社@d2017.6
215    @a243页@d21cm
300    @a新型职业农民培育工程通用教材
330    @a本书共7章及2个附件,其中,第一章现代油菜生产概况;第二章油菜生产计划与耕播技术;第三章油菜规模生产苗期栽培管理;第四章油菜规模生产蕾薹期栽培管理;第五章油菜规模生产花角期栽培管理;第六章油菜规模生产收获贮藏与秸秆还田;第七章油菜规模生产成本核算与产品销售;附件一为2016年农业部油菜规模生产主推技术,附件二为不同油菜优势产业区高产栽培技术规范。
606 0  @a油菜@x栽培技术@j教材
690    @aS634.3@v5
701  0 @a贺才明@9he cai ming@4主编
701  0 @a谷云松@9gu yun song@4主编
801  0 @aCN@b91MARC@c20171021
905    @b1021533-7@dS634.3@f5@e438
    
    油菜规模生产经营/贺才明,谷云松主编.-北京:中国农业科学技术出版社,2017.6
    243页;21cm
    新型职业农民培育工程通用教材
    
    ISBN 978-7-5116-3065-0:CNY28.00
    本书共7章及2个附件,其中,第一章现代油菜生产概况;第二章油菜生产计划与耕播技术;第三章油菜规模生产苗期栽培管理;第四章油菜规模生产蕾薹期栽培管理;第五章油菜规模生产花角期栽培管理;第六章油菜规模生产收获贮藏与秸秆还田;第七章油菜规模生产成本核算与产品销售;附件一为2016年农业部油菜规模生产主推技术,附件二为不同油菜优势产业区高产栽培技术规范。
●
相关链接 在E读中查询图书 在五车中查询图书 在当当中查询图书 在豆瓣中查询图书


正题名:油菜规模生产经营     索取号:S634.3/438         预约/预借

序号 登录号 条形码 馆藏地/架位号 状态 备注
1 1021533   210215337   第二样本阅览室/ [索取号:S634.3/438] 在馆    
2 1021534   210215346   密集书库-生命科学系/ [索取号:S634.3/438] 在馆    
3 1021535   210215355   第三借阅区/ [索取号:S634.3/438] 在馆    
4 1021536   210215364   第三借阅区/ [索取号:S634.3/438] 在馆    
5 1021537   210215373   第三借阅区/ [索取号:S634.3/438] 在馆    
唐山师范学院图书馆 欢迎您!
大连网信软件有限公司© 版权所有